Central Library OPAC University of Rajshahi

Human rights : (Record no. 81460)

MARC details
000 -LEADER
fixed length control field 01218nam a2200361 a 4500
001 - CONTROL NUMBER
control field 81460
003 - CONTROL NUMBER IDENTIFIER
rucl marc code BD-RjUL
005 - DATE AND TIME OF LATEST TRANSACTION
control field 20230525121255.0
008 - FIXED-LENGTH DATA ELEMENTS--GENERAL INFORMATION
fixed length control field 230525s2014 enk b 001 0 eng d
020 ## - INTERNATIONAL STANDARD BOOK NUMBER
International Standard Book Number 9780199683727
Qualifying information hardback
International Standard Book Number 9780199683734
Qualifying information paperback
035 ## - SYSTEM CONTROL NUMBER
System control number (BD-RjUL)81460
040 ## - CATALOGING SOURCE
Original cataloging agency StDuBDS
Language of cataloging eng
Description conventions rda
Transcribing agency StDuBDS
Modifying agency BD-RjUL
041 ## - LANGUAGE CODE
Language code of text/sound track or separate title eng
082 04 - DEWEY DECIMAL CLASSIFICATION NUMBER
Edition number 23
Classification number 341.48
Author mark and year TOH 2014
100 1# - MAIN ENTRY--PERSONAL NAME
Personal name Tomuschat, Christian,
Relator term author.
9 (RLIN) 7669
245 10 - TITLE STATEMENT
Title Human rights :
Remainder of title between idealism and realism /
Statement of responsibility, etc. Christian Tomuschat.
250 ## - EDITION STATEMENT
Edition statement Third edition.
264 #1 - PRODUCTION, PUBLICATION, DISTRIBUTION, MANUFACTURE, AND COPYRIGHT NOTICE
Place of production, publication, distribution, manufacture Oxford :
Name of producer, publisher, distributor, manufacturer Oxford University Press,
Date of production, publication, distribution, manufacture, or copyright notice 2014.
Date of production, publication, distribution, manufacture, or copyright notice ©2014
300 ## - PHYSICAL DESCRIPTION
Pagination liii, 464 pages ;
Size 25 cm
336 ## - CONTENT TYPE
Content type term text
Source rdacontent
337 ## - MEDIA TYPE
Media type term unmediated
Source rdamedia
338 ## - CARRIER TYPE
Carrier type term volume
Source rdacarrier
490 1# - SERIES STATEMENT
Series statement The collected courses of the Academy of European Law ;
Volume/sequential designation volume XIII/3
500 ## - GENERAL NOTE
General note Previous edition: 2008.
504 ## - BIBLIOGRAPHY, ETC. NOTE
Bibliography, etc Includes bibliographical references and index.
610 20 - SUBJECT ADDED ENTRY--CORPORATE NAME
Corporate name or jurisdiction name as entry element United Nations.
650 #0 - SUBJECT ADDED ENTRY--TOPICAL TERM
Topical term or geographic name as entry element Human rights.
Topical term or geographic name as entry element Human rights
General subdivision International cooperation.
9 (RLIN) 7670
830 #0 - SERIES ADDED ENTRY--UNIFORM TITLE
Uniform title Collected courses of the Academy of European Law ;
Volume number/sequential designation v. 13/3.
942 ## - ADDED ENTRY ELEMENTS (KOHA)
Source of classification or shelving scheme Dewey Decimal Classification
Koha item type Books
Holdings
Lost status Source of classification or shelving scheme Damaged status Not for loan Collection code Permanent Location Current Location Shelving location Date acquired Source of acquisition Cost, normal purchase price Total Checkouts Full call number Date last seen Copy number Koha item type
  Dewey Decimal Classification   Not For Loan Non-fiction Central Library, University of Rajshahi Central Library, University of Rajshahi Reading Room 17/05/2023 Dhaka : BM Book 5660.00   341.48 TOH 2014 25/05/2023 C-1 Books